ბათუმის შოთა რუსთაველის სახელმწიფო უნივერსიტეტის ბიბლიოთეკა

თითმის ყველა ჩემი წიგნიდან 1934-1967 (ბიბ.ჩანაწერი № 42939)

000 -LEADER
fixed length control field 01018nam a2200229Ia 4500
001 - CONTROL NUMBER
control field 9655
003 - CONTROL NUMBER IDENTIFIER
control field GE_BSU
008 - FIXED-LENGTH DATA ELEMENTS--GENERAL INFORMATION
fixed length control field 181216s||||||||xx |||||||||||||| ||und||
040 ## - CATALOGING SOURCE
Transcribing agency GE_BSU
080 ## - UNIVERSAL DECIMAL CLASSIFICATION NUMBER
Universal Decimal Classification number 821.353.1–1+821.353.1-144+821.353.1-11
100 ## - MAIN ENTRY--PERSONAL NAME
Personal name მარგიანი,რევაზ
245 ## - TITLE STATEMENT
Title თითმის ყველა ჩემი წიგნიდან 1934-1967
245 ## - TITLE STATEMENT
Remainder of title ერთტომეული. ლექსები.ბალადები.პოემები
245 ## - TITLE STATEMENT
Statement of responsibility, etc. რედ. ალიო ადამია.მხატვ. დავით დუნდუა
260 ## - PUBLICATION, DISTRIBUTION, ETC.
Place of publication, distribution, etc. თბილისი
260 ## - PUBLICATION, DISTRIBUTION, ETC.
Name of publisher, distributor, etc. საბჭოთა საქართველო
260 ## - PUBLICATION, DISTRIBUTION, ETC.
Date of publication, distribution, etc. 1970
300 ## - PHYSICAL DESCRIPTION
Extent 534გვ.1ფ.პორტრ.20სმ.
653 ## - INDEX TERM--UNCONTROLLED
Uncontrolled term ერთტომეული. ლექსები.ბალადები.პოემები
653 ## - INDEX TERM--UNCONTROLLED
Uncontrolled term თითმის ყველა ჩემი წიგნიდან
942 ## - ADDED ENTRY ELEMENTS (KOHA)
Koha item type წიგნი
ეგზემპლარები
Withdrawn status Lost status Damaged status Not for loan Date acquired Barcode Date last seen Price effective from Koha item type
        2018-12-17 32360 2018-12-17 2018-12-17 წიგნი